Vainqueur Motocross MX2 (2014-Actuel) #2 - Statistiques

Statistiques générales
  • Ce quiz a été pris 68 fois
    33 depuis la dernière actualisation
  • Le résultat moyen est 19 sur 42
Statistiques - réponses
Victoire / Manche Victoire / GP Pilote Pays % Correct
63 30 Jeffrey Herlings Pays-Bas
96%
52 31 Jorge Prado Espagne
96%
28 15 Kay de Wolf Pays-Bas
92%
44 24 Tom Vialle France
92%
22 10 Lucas Coenen Belgique
88%
7 4 Sacha Coenen Belgique
88%
6 5 Tim Gajser Slovénie
83%
7 5 Jeremy Seewer Suisse
75%
1 1 Romain Febvre France
75%
15 7 Andrea Adamo Italie
71%
11 6 Maxime Renaux France
71%
5 6 Liam Everts Belgique
67%
1 Hunter Lawrence Australie
58%
45 24 Jago Geerts Belgique
58%
30 11 Pauls Jonass Lettonie
58%
25 9 Simon Langenfelder Allemagne
58%
14 6 Max Anstie Royaume-Uni
54%
7 3 Thibault Benistant France
54%
5 2 Dylan Ferrandis France
46%
3 3 Valentin Guillod Suisse
46%
1 Camden McLellan Afrique du Sud
42%
2 Glenn Coldenhoff Pays-Bas
42%
3 2 Jordi Tixier France
42%
1 1 Arnaud Tonus Suisse
33%
3 1 Calvin Vlaanderen Pays-Bas
33%
2 1 Benoît Paturel France
29%
1 1 Cooper Webb États-Unis
29%
1 Kevin Horgmo Norvège
29%
2 1 Rene Hofer Autriche
25%
8 5 Thomas Kjaer Olsen Danemark
25%
3 2 Mattia Guadagnini Italie
21%
12 4 Thomas Covington États-Unis
21%
3 2 Ben Watson Royaume-Uni
17%
1 Aleksandr Tonkov Russie
13%
1 Christophe Charlier France
13%
1 Guillem Farres Espagne
8%
1 Samuele Bernardini Italie
8%
1 Ferruccio Zanchi Italie
4%
2 1 Jessy Nelson États-Unis
4%
1 Jed Beaton Australie
0%
2 1 RJ Hampshire États-Unis
0%
2 Roan Van de Moosdijk Pays-Bas
0%
Aucun quiz correspondant
Distribution des résultats
% des personnes avec chaque résultat
Percentile par nombre de réponses
Votre historique - résultats
Vous n’avez pas pris ce quiz depuis la dernière actualisation